[Event "Mittelfranken-chTB2a 1112"]
[Site "Germany"]
[Date "2012.03.11"]
[Round "8.4"]
[White "Gebhard, Thomas"]
[Black "Zedlitz, Friedemann"]
[Result "1-0"]
[WhiteElo "1925"]
[BlackElo "1635"]
[PlyCount "41"]
[EventDate "2011.09.25"]
[EventType "team-tourn"]
[EventRounds "9"]
[EventCountry "GER"]
[SourceTitle "EXT 2018"]
[Source "ChessBase"]
[SourceDate "2017.10.13"]
[SourceVersion "1"]
[SourceVersionDate "2017.10.13"]
[SourceQuality "1"]
[WhiteTeam "Nuernberg Zabo"]
[BlackTeam "Buechenbach/Roth III"]
[WhiteTeamCountry "GER"]
[BlackTeamCountry "GER"]

1. e4 e5 2. Nf3 Nc6 3. Bb5 a6 4. Bxc6 dxc6 5. d4 exd4 6. Qxd4 Qxd4 7. Nxd4 c5 8. Ne2 Bd6 9. Nbc3 c6 10. Bf4 Bxf4 11. Nxf4 b5 12. f3 Ra7 13. 0-0-0 c4 14. Rd6 Bd7 15. e5 Ne7 16. Rhd1 Nf5 17. R6d2 h5 18. Ne4 Ke7 19. Nc5 Bc8 20. e6 fxe6 21. Ng6+ 1-0

[Event "Mittelfranken-chTB2a 1112"]
[Site "Germany"]
[Date "2012.02.26"]
[Round "7.4"]
[White "Zedlitz, Friedemann"]
[Black "Hofer, Stefan1"]
[Result "0-1"]
[WhiteElo "1635"]
[BlackElo "1807"]
[PlyCount "42"]
[EventDate "2011.09.25"]
[EventType "team-tourn"]
[EventRounds "9"]
[EventCountry "GER"]
[SourceTitle "EXT 2018"]
[Source "ChessBase"]
[SourceDate "2017.10.13"]
[SourceVersion "1"]
[SourceVersionDate "2017.10.13"]
[SourceQuality "1"]
[WhiteTeam "Buechenbach/Roth III"]
[BlackTeam "Cadolzburg"]
[WhiteTeamCountry "GER"]
[BlackTeamCountry "GER"]

1. e4 e6 2. d4 d5 3. e5 c5 4. c3 Nc6 5. Nf3 Nh6 6. Bxh6 gxh6 7. Bd3 Bg7 8. 0-0 0-0 9. Re1 f6 10. Na3 a6 11. Bc2 Qe7 12. Qd3 Bh8 13. exf6 Bxf6 14. dxc5 Rf7 15. b4 Bd7 16. Re3 Nxb4 17. cxb4 Bxa1 18. Ne5 Bxe5 19. Rxe5 Qf6 20. Re2 Rg7 21. Re3 Rf8 0-1

[Event "Mittelfranken-chTB2a 1112"]
[Site "Germany"]
[Date "2012.01.15"]
[Round "5.3"]
[White "Pikal, Alexander"]
[Black "Zedlitz, Friedemann"]
[Result "1-0"]
[WhiteElo "1854"]
[BlackElo "1676"]
[PlyCount "127"]
[EventDate "2011.09.25"]
[EventType "team-tourn"]
[EventRounds "9"]
[EventCountry "GER"]
[SourceTitle "EXT 2013"]
[Source "ChessBase"]
[SourceDate "2012.11.22"]
[SourceVersion "1"]
[SourceVersionDate "2012.11.22"]
[SourceQuality "1"]
[WhiteTeam "Ansbach"]
[BlackTeam "Buechenbach/Roth III"]
[WhiteTeamCountry "GER"]
[BlackTeamCountry "GER"]

1. f4 d5 2. Nf3 Nc6 3. e3 a6 4. Be2 Nf6 5. 0-0 d4 6. d3 dxe3 7. Bxe3 Nd5 8. Bd2 Qd6 9. Qc1 Qc5+ 10. Kh1 Bg4 11. d4 Qb6 12. c3 e6 13. Bd3 f5 14. Ng5 Nd8 15. Qc2 h6 16. Nf3 Bxf3 17. Rxf3 g5 18. fxg5 Nf7 19. gxh6 Nxh6 20. Rh3 0-0-0 21. Bg5 Rd7 22. Nd2 Rdh7 23. Nc4 Qc6 24. Ne5 Qe8 25. Qe2 Bd6 26. Bc4 Ng4 27. Rxh7 Rxh7 28. Nxg4 fxg4 29. Bxd5 Rxh2+ 30. Kg1 Qh5 31. Qxe6+ Kb8 32. Qg8+ Ka7 33. Kf2 g3+ 34. Ke3 Qg4 35. Rf1 Rh5 36. Bf4 Bxf4+ 37. Rxf4 Qd1 38. Be4 Rh1 39. Rg4 Qe1+ 40. Kf4 Qf2+ 41. Bf3 Qd2+ 42. Kxg3 Qe1+ 43. Kf4 Qd2+ 44. Kf5 Qd3+ 45. Re4 Qb5+ 46. Re5 Qd7+ 47. Kf4 Qd6 48. Qg5 Qf8+ 49. Ke3 Rb1 50. b3 Qa3 51. Ra5 Qc1+ 52. Ke4 Qe1+ 53. Kf4 Qe8 54. Rd5 Re1 55. Rd8 Qf7+ 56. Kg3 Re6 57. Qc5+ Rb6 58. Qf8 Qg6+ 59. Kf2 Qc2+ 60. Be2 Rb5 61. Ra8+ Kb6 62. Qf6+ Ka5 63. d5 Rxd5 64. Rxa6+ 1-0

[Event "Mittelfranken-ch QT 60th"]
[Site "Buechenbach/Roth"]
[Date "2011.04.22"]
[Round "5"]
[White "Zedlitz, Friedemann"]
[Black "Zhao, Kevin"]
[Result "0-1"]
[WhiteElo "1716"]
[BlackElo "1735"]
[PlyCount "74"]
[EventDate "2011.04.20"]
[EventType "swiss"]
[EventRounds "7"]
[EventCountry "GER"]
[SourceTitle "CBM 142 Extra"]
[Source "ChessBase"]
[SourceDate "2011.06.27"]
[SourceVersion "1"]
[SourceVersionDate "2011.06.27"]
[SourceQuality "1"]

1. e4 e6 2. d4 d5 3. e5 c5 4. c3 Nc6 5. Nf3 Qb6 6. Be2 Bd7 7. 0-0 Nh6 8. b3 Nf5 9. Bd3 cxd4 10. Bxf5 exf5 11. cxd4 h6 12. Nc3 Be6 13. Qd3 a6 14. Na4 Qc7 15. a3 g5 16. Bb2 b5 17. Nc5 Bxc5 18. dxc5 Qe7 19. b4 g4 20. Nd4 Nxe5 21. Qc3 f6 22. a4 bxa4 23. Rxa4 Kf7 24. Rfa1 a5 25. Rxa5 Rxa5 26. Rxa5 Re8 27. Nxe6 Qxe6 28. Ra7+ Kg6 29. Ra1 Nc4 30. Rf1 f4 31. Bc1 Qf5 32. Re1 Ne5 33. Kh1 Rb8 34. Rd1 f3 35. g3 Nc6 36. Ba3 Re8 37. b5 d4 0-1

[Event "Mittelfranken-ch QT 60th"]
[Site "Buechenbach/Roth"]
[Date "2011.04.21"]
[Round "4"]
[White "Dittmar, Thomas"]
[Black "Zedlitz, Friedemann"]
[Result "1-0"]
[WhiteElo "1916"]
[BlackElo "1716"]
[PlyCount "63"]
[EventDate "2011.04.20"]
[EventType "swiss"]
[EventRounds "7"]
[EventCountry "GER"]
[SourceTitle "CBM 142 Extra"]
[Source "ChessBase"]
[SourceDate "2011.06.27"]
[SourceVersion "1"]
[SourceVersionDate "2011.06.27"]
[SourceQuality "1"]

1. d4 d5 2. c4 c6 3. Nf3 g6 4. Nc3 Bg7 5. Bf4 Nf6 6. h3 Bf5 7. e3 0-0 8. Qb3 Qb6 9. Qxb6 axb6 10. cxd5 cxd5 11. Be2 Be4 12. 0-0 Bxf3 13. Bxf3 e6 14. a3 Rc8 15. Rac1 Rc6 16. Be2 Ne4 17. Nxe4 dxe4 18. Bb5 Rxc1 19. Rxc1 Na6 20. Bd7 e5 21. Bxe5 Bxe5 22. dxe5 Nc5 23. Bb5 Ra5 24. Be2 Nd3 25. Bxd3 exd3 26. Rd1 Rd5 27. f4 Kf8 28. Kf2 Ke7 29. b4 f6 30. exf6+ Kxf6 31. e4 d2 32. exd5 1-0

[Event "Mittelfranken-ch QT 60th"]
[Site "Buechenbach/Roth"]
[Date "2011.04.20"]
[Round "2"]
[White "Weissmann, Peter"]
[Black "Zedlitz, Friedemann"]
[Result "1/2-1/2"]
[WhiteElo "1736"]
[BlackElo "1716"]
[PlyCount "92"]
[EventDate "2011.04.20"]
[EventType "swiss"]
[EventRounds "7"]
[EventCountry "GER"]
[SourceTitle "CBM 142 Extra"]
[Source "ChessBase"]
[SourceDate "2011.06.27"]
[SourceVersion "1"]
[SourceVersionDate "2011.06.27"]
[SourceQuality "1"]

1. e4 e5 2. d4 exd4 3. Bc4 Nc6 4. Nf3 Qf6 5. 0-0 h6 6. e5 Qd8 7. Bf4 Bc5 8. c3 dxc3 9. Nxc3 Nge7 10. Ne4 Bb6 11. b4 Ng6 12. Bg3 0-0 13. a3 Qe7 14. Qc2 Ngxe5 15. Nxe5 Nxe5 16. Bb3 d6 17. Nc3 c6 18. Na4 Be6 19. Rfe1 Bxb3 20. Qxb3 Qf6 21. Nxb6 axb6 22. Bxe5 dxe5 23. Qe3 b5 24. Qxe5 Qxe5 25. Rxe5 Rfe8 26. Rxe8+ Rxe8 27. Kf1 Ra8 28. Ke2 Kf8 29. Kd3 Ke7 30. Kc3 Kd7 31. Kb3 Re8 32. Rd1+ Kc7 33. Rd2 b6 34. Rc2 f5 35. h4 g5 36. hxg5 hxg5 37. Rd2 Re5 38. Rd3 g4 39. f3 gxf3 40. Rxf3 Kd6 41. Rd3+ Ke6 42. Rg3 Kf7 43. Rf3 Kf6 44. g4 Kg5 45. gxf5 Rxf5 46. Re3 c5 1/2-1/2

[Event "Mittelfranken-chTB2a 1011"]
[Site "Germany"]
[Date "2011.04.03"]
[Round "8.4"]
[White "Zedlitz, Friedemann"]
[Black "Corral, Carlos"]
[Result "1/2-1/2"]
[WhiteElo "1715"]
[BlackElo "1904"]
[PlyCount "55"]
[EventDate "2010.09.26"]
[EventType "team-tourn"]
[EventRounds "9"]
[EventCountry "GER"]
[SourceTitle "EXT 2012"]
[Source "ChessBase"]
[SourceDate "2011.11.24"]
[SourceVersion "1"]
[SourceVersionDate "2011.11.24"]
[SourceQuality "1"]
[WhiteTeam "Buechenbach/Roth III"]
[BlackTeam "Nuernberg NT V"]
[WhiteTeamCountry "GER"]
[BlackTeamCountry "GER"]

1. e4 c5 2. Nc3 Nc6 3. Bc4 g6 4. f4 Bg7 5. Nf3 e6 6. e5 d5 7. exd6 Qxd6 8. d3 b6 9. Nb5 Qd7 10. c3 Nge7 11. 0-0 0-0 12. a4 Bb7 13. Be3 a6 14. Na3 Rfd8 15. Qc2 Nd5 16. Bxd5 Qxd5 17. Rad1 Rab8 18. Qf2 Ne7 19. Nc4 Bc6 20. a5 b5 21. Nb6 Qa2 22. Bxc5 Nf5 23. Ra1 Qxa1 24. Rxa1 Rxd3 25. Ne5 Bxe5 26. fxe5 Rbd8 27. Re1 Rd2 28. g4 1/2-1/2

[Event "Mittelfranken-chTB2a 1011"]
[Site "Germany"]
[Date "2010.09.26"]
[Round "1.3"]
[White "Zedlitz, Friedemann"]
[Black "Wuensch, Rainer"]
[Result "0-1"]
[WhiteElo "1715"]
[BlackElo "1919"]
[PlyCount "46"]
[EventDate "2010.09.26"]
[EventType "team-tourn"]
[EventRounds "9"]
[EventCountry "GER"]
[SourceTitle "EXT 2012"]
[Source "ChessBase"]
[SourceDate "2011.11.24"]
[SourceVersion "1"]
[SourceVersionDate "2011.11.24"]
[SourceQuality "1"]
[WhiteTeam "Buechenbach/Roth III"]
[BlackTeam "Rothenburg/Tauber"]
[WhiteTeamCountry "GER"]
[BlackTeamCountry "GER"]

1. e4 g6 2. d4 Bg7 3. f4 c5 4. c3 cxd4 5. cxd4 Nf6 6. Nc3 0-0 7. Bd3 d6 8. Nf3 Bg4 9. h3 Bxf3 10. Qxf3 Qb6 11. Qf2 Nfd7 12. Be3 Nc6 13. e5 Nb4 14. Be4 d5 15. Bb1 e6 16. 0-0 Nc6 17. g4 f6 18. Qd2 fxe5 19. fxe5 Rxf1+ 20. Kxf1 Rf8+ 21. Kg2 Ndxe5 22. Na4 Qb4 23. Qd1 Nc4 0-1